[Event "FIDE Open World Blitz 2021"]
[Site "Warsaw"]
[Date "2021.12.30"]
[Round "14.33"]
[White "Lubczynski, Rafal"]
[Black "Gluszko, Tomasz"]
[Result "1/2-1/2"]
[WhiteElo "2361"]
[BlackElo "2086"]
[Annotator "ChessBase"]
[PlyCount "79"]
[EventDate "2021.12.29"]
[EventType "swiss"]
[EventCountry "POL"]
[Tiebreak "Cut1 Buchholz"]
[SourceTitle "playchess.com"]
[Source "ChessBase"]
[SourceQuality "1"]

1. Nf3 Nf6 2. c4 g6 3. g3 Bg7 4. Bg2 O-O 5. Nc3 d5 6. cxd5 Nxd5 7. d4 Nc6 8. h4
h5 9. Bg5 Nb6 10. d5 Na5 11. O-O Bg4 12. Qd3 c6 13. e4 cxd5 14. exd5 Nac4 15.
Qe2 Re8 16. Rad1 Rc8 17. Rfe1 Qd7 18. Bc1 Qf5 19. Nb5 Ne5 20. Nbd4 Nxf3+ 21.
Nxf3 Nc4 22. Rd3 Ne5 23. Re3 Nxf3+ 24. Bxf3 Bh6 25. Bxg4 Qxg4 26. Qxg4 hxg4 27.
Rc3 Rxc3 28. bxc3 Bxc1 29. Rxc1 Rc8 30. Kf1 Kg7 31. Ke2 Kf6 32. Kd3 Ke5 33. c4
Kd6 34. Re1 a6 35. Re4 b5 36. Rxg4 e6 37. dxe6 Kxe6 38. cxb5 axb5 39. Rb4 Ra8
40. Rxb5 1/2-1/2

[Event "FIDE Open World Blitz 2021"]
[Site "Warsaw"]
[Date "2021.12.30"]
[Round "14.34"]
[White "Abdusattorov, Nodirbek"]
[Black "Czarnota, Pawel"]
[Result "1-0"]
[WhiteElo "2646"]
[BlackElo "2502"]
[Annotator "ChessBase"]
[PlyCount "118"]
[EventDate "2021.12.29"]
[EventType "swiss"]
[EventCountry "POL"]
[Tiebreak "Cut1 Buchholz"]
[SourceTitle "playchess.com"]
[Source "ChessBase"]
[SourceQuality "1"]

1. c4 e5 2. Nc3 Nc6 3. Nf3 g6 4. d4 exd4 5. Nxd4 Bg7 6. Nxc6 bxc6 7. g3 Ne7 8.
Bg2 O-O 9. O-O Rb8 10. Qc2 d5 11. Rd1 Be6 12. Be3 d4 13. Bxd4 Bxd4 14. e3 c5
15. exd4 cxd4 16. Nb5 c5 17. Nxa7 Qb6 18. Nb5 Bxc4 19. Qxc4 Qxb5 20. Qxb5 Rxb5
21. b3 Rd8 22. Bf1 Ra5 23. a4 Nd5 24. Bc4 Nc3 25. Rd3 Ra7 26. Re1 Kg7 27. Re5
Rc7 28. a5 Na2 29. Rd1 Nb4 30. a6 d3 31. Kf1 Rd6 32. Re3 Nxa6 33. Rdxd3 Rxd3
34. Rxd3 Nb4 35. Rd6 Nc6 36. Ke2 Nd4+ 37. Kd3 h5 38. Bd5 Nf5 39. Rb6 Kf8 40.
Kc4 Ke7 41. Bc6 Kd6 42. Be4+ Ke5 43. Bxf5 Kxf5 44. Rb5 Ke4 45. Rxc5 Rd7 46. Rc6
Rd2 47. Rf6 Rc2+ 48. Kb5 Rc7 49. h4 Ke5 50. Rf3 Rb7+ 51. Kc6 Rb4 52. Kc5 Rb7
53. b4 f6 54. b5 g5 55. b6 gxh4 56. gxh4 f5 57. Kc6 Rb8 58. b7 f4 59. Kc7 Kd5
1-0

[Event "FIDE Open World Blitz 2021"]
[Site "Warsaw"]
[Date "2021.12.30"]
[Round "14.34"]
[White "Laith, Kasib"]
[Black "Lopusiewicz, Piotr"]
[Result "1/2-1/2"]
[WhiteElo "2010"]
[BlackElo "2279"]
[Annotator "ChessBase"]
[PlyCount "159"]
[EventDate "2021.12.29"]
[EventType "swiss"]
[EventCountry "POL"]
[Tiebreak "Cut1 Buchholz"]
[SourceTitle "playchess.com"]
[Source "ChessBase"]
[SourceQuality "1"]

1. Nf3 Nf6 2. g3 d5 3. Bg2 c5 4. O-O e6 5. d3 Be7 6. Nbd2 O-O 7. e4 Nc6 8. Re1
b5 9. e5 Nd7 10. Nf1 Qc7 11. Qe2 a5 12. h4 b4 13. N1h2 a4 14. a3 bxa3 15. bxa3
Bb7 16. h5 h6 17. Bf4 Rfb8 18. g4 Qd8 19. Qd2 Ra6 20. g5 hxg5 21. Bxg5 Bxg5 22.
Nxg5 Ncxe5 23. f4 Nc6 24. Ng4 Nd4 25. h6 Qf8 26. Rab1 gxh6 27. Nf3 Nf5 28. Nfe5
Nxe5 29. fxe5 Qg7 30. Nf6+ Kh8 31. Nd7 Rg8 32. Rxb7 Nh4 33. Nf6 Nxg2 34. Nxg8
Nxe1+ 35. Kf1 Kxg8 36. Rb8+ Kh7 37. Qxe1 Qg5 38. Qf2 Qf5 39. Qxf5+ exf5 40. Rb7
Kg6 41. Kf2 f4 42. Kf3 Rc6 43. Kxf4 c4 44. d4 f6 45. Rb4 Ra6 46. c3 h5 47. Rb1
fxe5+ 48. Kxe5 Ra5 49. Rg1+ Kh6 50. Kf6 h4 51. Rg8 Kh5 52. Kf5 Kh6 53. Kf6 Ra6+
54. Kf5 Rb6 55. Rh8+ Kg7 56. Rxh4 Rb3 57. Rg4+ Kf7 58. Rg3 Rxa3 59. Ke5 Rb3 60.
Kxd5 a3 61. Rf3+ Ke7 62. Re3+ Kd7 63. Re1 Rxc3 64. Ra1 Kc7 65. Kc5 Kd7 66. Kd5
Ke7 67. Re1+ Kf6 68. Re6+ Kf5 69. Ra6 Kf4 70. Kc5 Ke3 71. d5 Kd3 72. d6 Rb3 73.
d7 Rb8 74. Rd6+ Kc2 75. d8=Q Rxd8 76. Rxd8 c3 77. Kb4 a2 78. Ra8 Kb2 79. Rxa2+
Kxa2 80. Kxc3 1/2-1/2

[Event "FIDE Open World Blitz 2021"]
[Site "Warsaw"]
[Date "2021.12.30"]
[Round "14.35"]
[White "Niemann, Hans Moke"]
[Black "Gajewski, Grzegorz"]
[Result "1/2-1/2"]
[WhiteElo "2635"]
[BlackElo "2589"]
[Annotator "ChessBase"]
[PlyCount "129"]
[EventDate "2021.12.29"]
[EventType "swiss"]
[EventCountry "POL"]
[Tiebreak "Cut1 Buchholz"]
[SourceTitle "playchess.com"]
[Source "ChessBase"]
[SourceQuality "1"]

1. d4 Nf6 2. Nc3 d5 3. Bf4 a6 4. e3 e6 5. g4 Bd6 6. Bxd6 Qxd6 7. g5 Nfd7 8. Qg4
c5 9. Nf3 Nc6 10. Qg3 Qe7 11. O-O-O b5 12. Ne2 O-O 13. h4 Bb7 14. h5 Rac8 15.
g6 cxd4 16. Nexd4 Nc5 17. Bh3 Ne4 18. Qg2 Nxd4 19. Nxd4 Rce8 20. f4 Qf6 21.
Rhg1 Bc8 22. Rdf1 fxg6 23. hxg6 hxg6 24. Nf3 d4 25. Nxd4 Nd6 26. Qxg6 Nc4 27.
Qxf6 Rxf6 28. Re1 e5 29. fxe5 Nxe5 30. Bg2 Ng4 31. Bd5+ Kf8 32. e4 Ne5 33. Rh1
Bd7 34. Reg1 g6 35. Rh7 Rf4 36. Rgh1 Rf6 37. b3 b4 38. Kb2 a5 39. a3 Nf7 40.
axb4 axb4 41. Rg1 Ne5 42. Ra1 Rf2 43. Rah1 Nd3+ 44. Kb1 Ne5 45. Rg1 Re7 46.
Rh8+ Kg7 47. Rgh1 Kf6 48. Rf8+ Nf7 49. Rh7 Ke5 50. Nc6+ Bxc6 51. Bxc6 Kd6 52.
Bd5 Ng5 53. Rd8+ Kc7 54. Rxe7+ Kxd8 55. Rg7 Nf3 56. Rxg6 Nd4 57. Rg7 Nxc2 58.
Be6 Ne3 59. Rd7+ Ke8 60. Rc7 Re2 61. Rb7 Nd1 62. Bf5 Nc3+ 63. Kc1 Na2+ 64. Kd1
Nc3+ 65. Kc1 1/2-1/2

[Event "FIDE Open World Blitz 2021"]
[Site "Warsaw"]
[Date "2021.12.30"]
[Round "14.35"]
[White "Blanco Acevedo, Cristobal Jose"]
[Black "Yunusov, Mukhammad"]
[Result "1-0"]
[WhiteElo "2350"]
[BlackElo "1874"]
[Annotator "ChessBase"]
[PlyCount "38"]
[EventDate "2021.12.29"]
[EventType "swiss"]
[EventCountry "POL"]
[Tiebreak "Cut1 Buchholz"]
[SourceTitle "playchess.com"]
[Source "ChessBase"]
[SourceQuality "1"]

1. e4 c5 2. Nf3 d6 3. d4 cxd4 4. Nxd4 Nf6 5. Nc3 Nc6 6. Be2 e6 7. O-O Be7 8.
Kh1 a6 9. f4 Qc7 10. Be3 O-O 11. Qe1 b5 12. Nxc6 Qxc6 13. Bf3 e5 14. Nd5 Qb7
15. fxe5 dxe5 16. Nxe7+ Qxe7 17. Bg5 Be6 18. Qg3 Kh8 19. Be2 Qb4 1-0

[Event "FIDE Open World Blitz 2021"]
[Site "Warsaw"]
[Date "2021.12.30"]
[Round "14.36"]
[White "Sargsyan, Shant"]
[Black "Sargissian, Gabriel"]
[Result "1-0"]
[WhiteElo "2628"]
[BlackElo "2664"]
[Annotator "ChessBase"]
[PlyCount "119"]
[EventDate "2021.12.29"]
[EventType "swiss"]
[EventCountry "POL"]
[Tiebreak "Cut1 Buchholz"]
[SourceTitle "playchess.com"]
[Source "ChessBase"]
[SourceQuality "1"]

1. d4 Nf6 2. c4 e6 3. Nf3 d5 4. Nc3 h6 5. a3 a6 6. c5 Nc6 7. Bf4 b6 8. cxb6
cxb6 9. Rc1 Bb7 10. e3 Be7 11. h3 O-O 12. Bd3 Rc8 13. O-O Na5 14. Ne5 Nc4 15.
Qe2 b5 16. Bb1 Nd6 17. Nd3 Nc4 18. Na2 Qb6 19. Ne5 Rfd8 20. Nb4 a5 21. Nbd3 b4
22. axb4 axb4 23. b3 Na3 24. Nc5 Nxb1 25. Rxb1 Bxc5 26. dxc5 Rxc5 27. Rfc1 Rdc8
28. Rxc5 Qxc5 29. Ra1 Bc6 30. Qb2 Qc3 31. Qb1 Be8 32. Nf3 Ne4 33. Be5 Qc5 34.
Bd4 Qb5 35. Qb2 Nc3 36. Kh2 f6 37. Rc1 Qc6 38. Qc2 e5 39. Bxc3 bxc3 40. b4 Qc4
41. Rb1 Bb5 42. Qg6 Qd3 43. Qg4 Rc6 44. Rc1 c2 45. Nh4 Qa3 46. Nf5 Rc7 47. Rxc2
Qa7 48. Nxh6+ Kf8 49. Qe6 gxh6 50. Qxf6+ Ke8 51. Qxe5+ Re7 52. Qh8+ Kd7 53.
Qxh6 Qb8+ 54. g3 Rf7 55. Qg5 Qd6 56. Qg4+ Qe6 57. Rc7+ Kd6 58. Qxe6+ Kxe6 59.
Rxf7 Kxf7 60. g4 1-0

[Event "FIDE Open World Blitz 2021"]
[Site "Warsaw"]
[Date "2021.12.30"]
[Round "14.37"]
[White "Adly, Ahmed"]
[Black "Kobalia, Mikhail"]
[Result "0-1"]
[WhiteElo "2602"]
[BlackElo "2600"]
[Annotator "ChessBase"]
[PlyCount "96"]
[EventDate "2021.12.29"]
[EventType "swiss"]
[EventCountry "POL"]
[Tiebreak "Cut1 Buchholz"]
[SourceTitle "playchess.com"]
[Source "ChessBase"]
[SourceQuality "1"]

1. d4 d5 2. Nf3 Nf6 3. g3 Bf5 4. Bg2 c6 5. O-O e6 6. c4 h6 7. Nc3 Nbd7 8. Qb3
Qb6 9. c5 Qc7 10. Bf4 Qc8 11. Rac1 Be7 12. Bd6 Bxd6 13. cxd6 Qb8 14. Qa3 O-O
15. Ne5 Rd8 16. Nxd7 Rxd7 17. f3 Bg6 18. e4 b5 19. Qc5 b4 20. e5 bxc3 21. Rxc3
Nh7 22. Qxc6 Nf8 23. Rb3 Qd8 24. Rc1 a5 25. Bf1 a4 26. Rb7 Rxb7 27. Qxb7 a3 28.
b4 Rb8 29. Qc7 Qe8 30. b5 Nd7 31. Qa5 Ra8 32. Qb4 Nb6 33. Rc6 Nc4 34. Rc7 Qd8
35. b6 Rb8 36. b7 Kh7 37. Qc5 Qg5 38. f4 Qg4 39. Rc8 Rxb7 40. d7 Rxd7 41. Qf8
Be4 42. Qh8+ Kg6 43. Rg8 f6 44. exf6 Kxf6 45. Rf8+ Kg6 46. Rg8 Qf3 47. Rxg7+
Rxg7 48. f5+ exf5 0-1

[Event "FIDE Open World Blitz 2021"]
[Site "Warsaw"]
[Date "2021.12.30"]
[Round "14.38"]
[White "Tazbir, Marcin"]
[Black "Petrosyan, Manuel"]
[Result "1/2-1/2"]
[WhiteElo "2508"]
[BlackElo "2599"]
[Annotator "ChessBase"]
[PlyCount "83"]
[EventDate "2021.12.29"]
[EventType "swiss"]
[EventCountry "POL"]
[Tiebreak "Cut1 Buchholz"]
[SourceTitle "playchess.com"]
[Source "ChessBase"]
[SourceQuality "1"]

1. c4 e5 2. g3 c6 3. Nf3 d6 4. Bg2 g6 5. O-O Bg7 6. Nc3 Nd7 7. Rb1 f5 8. d3 a5
9. a3 h6 10. e4 Ne7 11. d4 O-O 12. dxe5 Nxe5 13. Qe2 Be6 14. Nxe5 dxe5 15. exf5
gxf5 16. Rd1 Qe8 17. f4 e4 18. Be3 Qf7 19. Bf1 Rfd8 20. Na4 Rxd1 21. Rxd1 b5
22. Nb6 Bxc4 23. Nxc4 bxc4 24. Qxc4 Bxb2 25. Rd7 Bxa3 26. Qc2 Qe6 27. Bc4 Nd5
28. Rb7 Rf8 29. Bd4 Rf7 30. Rb8+ Bf8 31. Qa2 e3 32. Be5 Kh7 33. Qxa5 Bg7 34.
Qd8 Rf8 35. Qxf8 Bxf8 36. Rxf8 Qe7 37. Rh8+ Kg6 38. Rg8+ Kh7 39. Rh8+ Kg6 40.
Rg8+ Kh7 41. Rh8+ Kg6 42. Rg8+ 1/2-1/2

[Event "FIDE Open World Blitz 2021"]
[Site "Warsaw"]
[Date "2021.12.30"]
[Round "14.39"]
[White "Kantor, Gergely"]
[Black "Zvjaginsev, Vadim"]
[Result "1/2-1/2"]
[WhiteElo "2566"]
[BlackElo "2609"]
[Annotator "ChessBase"]
[PlyCount "121"]
[EventDate "2021.12.29"]
[EventType "swiss"]
[EventCountry "POL"]
[Tiebreak "Cut1 Buchholz"]
[SourceTitle "playchess.com"]
[Source "ChessBase"]
[SourceQuality "1"]

1. d4 d6 2. e4 Nf6 3. Nc3 g6 4. Nf3 Bg7 5. Be2 O-O 6. O-O a6 7. a4 Nc6 8. h3 e5
9. dxe5 Nxe5 10. Bf4 Nxf3+ 11. Bxf3 Be6 12. Qd2 Re8 13. Rfe1 Nd7 14. Rad1 Rb8
15. Be2 Qe7 16. Bf1 Qf8 17. b3 h6 18. a5 Kh7 19. Be3 Rbd8 20. Bd4 Bxd4 21. Qxd4
Qg7 22. f4 Qxd4+ 23. Rxd4 Nf6 24. Kf2 h5 25. Rb4 Bc8 26. Rd4 h4 27. b4 Nh5 28.
Kf3 c6 29. Red1 Ng3 30. Be2 f5 31. Rxd6 Rxd6 32. Rxd6 fxe4+ 33. Kf2 e3+ 34. Ke1
Bf5 35. Bd3 Kh6 36. Ne2 Bxd3 37. Rxd3 Nf5 38. Rd7 Rb8 39. Nc3 b6 40. axb6 Rxb6
41. Ke2 Rxb4 42. Kd3 c5 43. Ne4 e2 44. Nf6 Rd4+ 45. Kxe2 Rxf4 46. Ng4+ Kg5 47.
Ra7 Ra4 48. Rc7 Rc4 49. Kd3 Rd4+ 50. Kc3 Rd5 51. Kc4 Rd2 52. Kc3 Rxg2 53. Rxc5
Rg3+ 54. Kd2 Rxh3 55. Ne5 Rg3 56. Rc6 Kh5 57. Rc8 h3 58. Rh8+ Nh6 59. Nf7 g5
60. Rxh6+ Kg4 61. Ne5+ 1/2-1/2

[Event "FIDE Open World Blitz 2021"]
[Site "Warsaw"]
[Date "2021.12.30"]
[Round "14.40"]
[White "Wojtaszek, Radoslaw"]
[Black "Jumabayev, Rinat"]
[Result "0-1"]
[WhiteElo "2700"]
[BlackElo "2658"]
[Annotator "ChessBase"]
[PlyCount "156"]
[EventDate "2021.12.29"]
[EventType "swiss"]
[EventCountry "POL"]
[Tiebreak "Cut1 Buchholz"]
[SourceTitle "playchess.com"]
[Source "ChessBase"]
[SourceQuality "1"]

1. Nf3 d5 2. d4 Nf6 3. c4 c6 4. Qc2 g6 5. Bf4 Bg7 6. e3 O-O 7. Be2 c5 8. dxc5
Na6 9. O-O Bf5 10. Qb3 Nxc5 11. Qa3 Qb6 12. Nc3 dxc4 13. Ne5 Nd3 14. Nxc4 Qe6
15. Qb3 Rac8 16. Ne5 Qxb3 17. axb3 Nxb2 18. Nb5 Nd5 19. Nd4 Nxf4 20. exf4 Rfd8
21. Nxf5 gxf5 22. Rxa7 Rc7 23. Bf3 Bxe5 24. fxe5 Rd3 25. b4 Rb3 26. Rxb7 Rxb7
27. Bxb7 Rxb4 28. Bf3 Nd3 29. e6 fxe6 30. g3 Kf7 31. Rd1 Rb3 32. Be2 Nc5 33.
Rc1 Ne4 34. Rc6 Rb1+ 35. Kg2 Rb2 36. Kf1 Kf6 37. f3 Nd6 38. Ra6 h6 39. Kf2 e5
40. Ra4 Rb6 41. Rh4 Kg7 42. Bd3 Rb3 43. Ke2 Rb2+ 44. Ke3 e6 45. Be2 Ne8 46. Ra4
Nf6 47. Ra7+ Kg6 48. Bc4 Nd5+ 49. Kd3 Rxh2 50. Ra8 Rg2 51. Re8 Kf7 52. Rh8 Rxg3
53. Ke2 Nf4+ 54. Kf2 Rg2+ 55. Kf1 Rg6 56. Rh7+ Kf6 57. Rh8 h5 58. Kf2 Rg2+ 59.
Kf1 Rc2 60. Ba6 Rc3 61. Kf2 Ra3 62. Bb5 Rb3 63. Ba6 Rc3 64. Bb5 Kg7 65. Rd8 h4
66. Bf1 Rc2+ 67. Kg1 h3 68. Rd7+ Kg6 69. Rd8 e4 70. Rg8+ Kf6 71. fxe4 fxe4 72.
Rg3 h2+ 73. Kh1 Ke5 74. Bb5 Kd4 75. Rg4 e5 76. Ba4 Rb2 77. Rg8 e3 78. Rd8+ Kc5
0-1

[Event "FIDE Open World Blitz 2021"]
[Site "Warsaw"]
[Date "2021.12.30"]
[Round "14.41"]
[White "Anton Guijarro, David"]
[Black "Saraci, Nderim"]
[Result "1/2-1/2"]
[WhiteElo "2669"]
[BlackElo "2486"]
[Annotator "ChessBase"]
[PlyCount "113"]
[EventDate "2021.12.29"]
[EventType "swiss"]
[EventCountry "POL"]
[Tiebreak "Cut1 Buchholz"]
[SourceTitle "playchess.com"]
[Source "ChessBase"]
[SourceQuality "1"]

1. Nf3 Nf6 2. c4 e6 3. g3 d5 4. Bg2 Be7 5. O-O O-O 6. b3 c5 7. cxd5 Nxd5 8. Bb2
Nc6 9. d4 cxd4 10. Nxd4 Nxd4 11. Qxd4 Bf6 12. Qd2 Nf4 13. gxf4 Qxd2 14. Nxd2
Bxb2 15. Rab1 Bf6 16. Nc4 Rb8 17. Rfd1 b6 18. Ne5 Bxe5 19. fxe5 Ba6 20. Bf3
Rfd8 21. Rbc1 Rxd1+ 22. Rxd1 Bb5 23. a4 Be8 24. Rc1 a5 25. Rc7 Kf8 26. Bc6 Bxc6
27. Rxc6 b5 28. Rc5 bxa4 29. bxa4 Rb4 30. Rxa5 g5 31. e3 Kg7 32. Kg2 Kg6 33.
Kf3 h5 34. Ra7 Rc4 35. a5 Ra4 36. a6 g4+ 37. Kg3 Kg5 38. h4+ Kg6 39. Ra8 Kf5
40. Rh8 Kxe5 41. Rxh5+ f5 42. Rh8 Rxa6 43. Rf8 Ra1 44. Kg2 Ra7 45. Kg3 Rh7 46.
Ra8 Kf6 47. e4 Ke5 48. exf5 exf5 49. Ra5+ Ke4 50. Ra4+ Ke5 51. Ra8 Kf6 52. Kf4
Rxh4 53. Ra6+ Ke7 54. Ra5 Rh2 55. Re5+ Kd6 56. Rxf5 Rxf2+ 57. Ke4 1/2-1/2

[Event "FIDE Open World Blitz 2021"]
[Site "Warsaw"]
[Date "2021.12.30"]
[Round "14.42"]
[White "Paravyan, David"]
[Black "Vakhidov, Jakhongir"]
[Result "0-1"]
[WhiteElo "2642"]
[BlackElo "2557"]
[Annotator "ChessBase"]
[PlyCount "62"]
[EventDate "2021.12.29"]
[EventType "swiss"]
[EventCountry "POL"]
[Tiebreak "Cut1 Buchholz"]
[SourceTitle "playchess.com"]
[Source "ChessBase"]
[SourceQuality "1"]

1. e4 c5 2. Nf3 g6 3. Bc4 d6 4. c3 Nf6 5. e5 dxe5 6. Nxe5 e6 7. d4 cxd4 8. cxd4
Bg7 9. O-O O-O 10. Nc3 Nc6 11. Nxc6 bxc6 12. Bf4 Nd5 13. Be5 a5 14. Rc1 Qb6 15.
Na4 Qa7 16. Qe2 Bxe5 17. dxe5 Rb8 18. b3 Bb7 19. Bxd5 cxd5 20. Nc5 Rfc8 21. Nd7
Ba6 22. Nf6+ Kg7 23. Qg4 Bxf1 24. Rxf1 h6 25. Nh5+ Kf8 26. Nf6 Rb4 27. Qf3 Qd4
28. a3 Rb7 29. Qg3 Rc3 30. Qg4 Qxg4 31. Nxg4 Rcxb3 0-1

[Event "FIDE Open World Blitz 2021"]
[Site "Warsaw"]
[Date "2021.12.30"]
[Round "14.43"]
[White "Demchenko, Anton"]
[Black "Pichot, Alan"]
[Result "0-1"]
[WhiteElo "2655"]
[BlackElo "2630"]
[Annotator "ChessBase"]
[PlyCount "64"]
[EventDate "2021.12.29"]
[EventType "swiss"]
[EventCountry "POL"]
[Tiebreak "Cut1 Buchholz"]
[SourceTitle "playchess.com"]
[Source "ChessBase"]
[SourceQuality "1"]

1. e4 c5 2. Nf3 e6 3. g3 Nc6 4. Bg2 Nf6 5. Qe2 d6 6. O-O Be7 7. c3 O-O 8. d4 d5
9. e5 Ne4 10. Be3 Bd7 11. Rd1 Qb6 12. Ne1 f5 13. f3 Ng5 14. Nd3 cxd4 15. cxd4
Nxd4 16. Qf1 Ndxf3+ 17. Kf2 d4 18. Bf4 Nxh2 19. Qe2 Ng4+ 20. Kg1 Bc6 21. Nd2
Bxg2 22. Qxg2 Ne3 23. Qe2 Nxd1 24. Rxd1 Rac8 25. Bxg5 Bxg5 26. Nf3 Be3+ 27. Kg2
Qc6 28. Nde1 Qe4 29. Rd3 f4 30. g4 Rc1 31. Kh3 Rxe1 32. Nxe1 Qh1+ 0-1

[Event "FIDE Open World Blitz 2021"]
[Site "Warsaw"]
[Date "2021.12.30"]
[Round "14.44"]
[White "Riazantsev, Alexander"]
[Black "Timofeev, Artyom"]
[Result "1-0"]
[WhiteElo "2634"]
[BlackElo "2586"]
[Annotator "ChessBase"]
[PlyCount "115"]
[EventDate "2021.12.29"]
[EventType "swiss"]
[EventCountry "POL"]
[Tiebreak "Cut1 Buchholz"]
[SourceTitle "playchess.com"]
[Source "ChessBase"]
[SourceQuality "1"]

1. d4 Nf6 2. c4 b6 3. Nf3 Bb7 4. g3 g6 5. Bg2 Bg7 6. O-O O-O 7. Qc2 d5 8. cxd5
Nxd5 9. Rd1 Nd7 10. e4 N5f6 11. Nc3 e6 12. Bf4 c6 13. e5 Nd5 14. Nxd5 cxd5 15.
h4 Rc8 16. Qe2 Nb8 17. h5 Ba6 18. Qe3 Nc6 19. Bg5 Qd7 20. h6 Bh8 21. Nh2 f6 22.
exf6 Bxf6 23. Bxf6 Rxf6 24. Ng4 Rff8 25. Bh3 Qd6 26. Rac1 Rce8 27. Re1 Bc8 28.
Ne5 Nxe5 29. Qxe5 Qxe5 30. Rxe5 Re7 31. Rxc8 Rxc8 32. Bxe6+ Rxe6 33. Rxe6 Rc2
34. Re8+ Kf7 35. Rh8 Kf6 36. Rxh7 Kg5 37. Rxa7 Kxh6 38. b3 Rd2 39. Ra4 Kg5 40.
Kg2 Kf5 41. Kf3 Rd3+ 42. Ke2 Ke4 43. Rb4 Rc3 44. Rxb6 Rc2+ 45. Kf1 Kxd4 46. a4
Kd3 47. a5 d4 48. a6 Ra2 49. Rd6 Kc3 50. b4 d3 51. b5 Ra1+ 52. Kg2 d2 53. Kf3
Ra5 54. Ke2 Rxb5 55. Rc6+ Kd4 56. Rxg6 Rb2 57. Rd6+ Kc3 58. Rd3+ 1-0

[Event "FIDE Open World Blitz 2021"]
[Site "Warsaw"]
[Date "2021.12.30"]
[Round "14.45"]
[White "Bluebaum, Matthias"]
[Black "Yuffa, Daniil"]
[Result "1-0"]
[WhiteElo "2609"]
[BlackElo "2567"]
[Annotator "ChessBase"]
[PlyCount "105"]
[EventDate "2021.12.29"]
[EventType "swiss"]
[EventCountry "POL"]
[Tiebreak "Cut1 Buchholz"]
[SourceTitle "playchess.com"]
[Source "ChessBase"]
[SourceQuality "1"]

1. d4 Nf6 2. c4 e6 3. Nc3 c5 4. d5 exd5 5. cxd5 d6 6. Nf3 g6 7. Bg5 a6 8. a4
Bg7 9. Nd2 h6 10. Bh4 g5 11. Bg3 Nh5 12. Nc4 Nxg3 13. hxg3 O-O 14. e4 Qe7 15.
Be2 Nd7 16. Ne3 Ne5 17. Qd2 Rb8 18. f4 Ng6 19. Nf5 Bxf5 20. exf5 Nh8 21. fxg5
Qxg5 22. Qxg5 hxg5 23. Kd2 Bxc3+ 24. bxc3 f6 25. Bh5 Nf7 26. Bxf7+ Rxf7 27. Rh6
Kg7 28. Rah1 Rg8 29. a5 Kf8 30. Re1 g4 31. Re6 Rg5 32. Rhxf6 Rxf5 33. Rxf7+
Kxf7 34. Rxd6 Rf2+ 35. Ke3 Rxg2 36. Kf4 Rc2 37. Rd7+ Kf6 38. Rxb7 Rxc3 39. Rb6+
Ke7 40. Rxa6 c4 41. Rc6 Ra3 42. Rxc4 Rxa5 43. Rd4 Kd6 44. Kxg4 Ra8 45. Kf3 Rf8+
46. Rf4 Rg8 47. Rf5 Ra8 48. Kf4 Ra4+ 49. Kg5 Ke7 50. g4 Rb4 51. Kh5 Rb1 52. g5
Rh1+ 53. Kg6 1-0

[Event "FIDE Open World Blitz 2021"]
[Site "Warsaw"]
[Date "2021.12.30"]
[Round "14.46"]
[White "Kadric, Denis"]
[Black "Demidov, Mikhail"]
[Result "1-0"]
[WhiteElo "2566"]
[BlackElo "2592"]
[Annotator "ChessBase"]
[PlyCount "91"]
[EventDate "2021.12.29"]
[EventType "swiss"]
[EventCountry "POL"]
[Tiebreak "Cut1 Buchholz"]
[SourceTitle "playchess.com"]
[Source "ChessBase"]
[SourceQuality "1"]

1. e4 Nf6 2. d3 Nc6 3. Nf3 d6 4. g3 g6 5. Bg2 Bg7 6. O-O O-O 7. c3 e5 8. b4 a6
9. a4 Nh5 10. Re1 f5 11. exf5 Bxf5 12. h3 Nf6 13. g4 Bd7 14. Nbd2 Kh8 15. Ne4
Nd5 16. Bg5 Qc8 17. b5 axb5 18. axb5 Rxa1 19. Qxa1 Nd8 20. d4 exd4 21. Nxd4 Ne6
22. Nxe6 Bxe6 23. Qc1 Nb6 24. Bh6 Qd7 25. Bxg7+ Kxg7 26. Qe3 Kg8 27. Qd4 Qg7
28. Qxg7+ Kxg7 29. Nxd6 Bd5 30. Re7+ Kf6 31. Rxc7 Ke5 32. Nxb7 Bxg2 33. Kxg2
Nd5 34. Rxh7 Nxc3 35. b6 Nd5 36. Nc5 Nxb6 37. Nd7+ Nxd7 38. Rxd7 g5 39. Kg3 Ra8
40. Rf7 Ra3+ 41. Rf3 Ra1 42. Rf5+ Ke4 43. f3+ Ke3 44. Re5+ Kd4 45. Rxg5 Rg1+
46. Kf2 1-0

[Event "FIDE Open World Blitz 2021"]
[Site "Warsaw"]
[Date "2021.12.30"]
[Round "14.47"]
[White "Puranik, Abhimanyu"]
[Black "Sjugirov, Sanan"]
[Result "0-1"]
[WhiteElo "2604"]
[BlackElo "2589"]
[Annotator "ChessBase"]
[PlyCount "86"]
[EventDate "2021.12.29"]
[EventType "swiss"]
[EventCountry "POL"]
[Tiebreak "Cut1 Buchholz"]
[SourceTitle "playchess.com"]
[Source "ChessBase"]
[SourceQuality "1"]

1. c4 e5 2. Nc3 Nc6 3. g3 g6 4. Bg2 Bg7 5. Nf3 d6 6. d3 Nge7 7. h4 h6 8. Rb1 a5
9. a3 Nd4 10. Nxd4 exd4 11. Nd5 c6 12. Nf4 O-O 13. O-O Bg4 14. b4 axb4 15. axb4
Qd7 16. Kh2 Rfe8 17. b5 Kh7 18. Qc2 Ng8 19. bxc6 bxc6 20. e3 dxe3 21. Bxe3 Nf6
22. Rb6 Rec8 23. Rfb1 Bf5 24. f3 Ra3 25. Bd4 Qd8 26. Rb7 Kg8 27. Qb2 Rca8 28.
g4 Ra2 29. Rb8 Rxb2 30. Rxd8+ Rxd8 31. Bxb2 Bd7 32. Kg1 Rb8 33. d4 Nxg4 34.
fxg4 Bxg4 35. Nd3 Bf5 36. Bf1 Bxd4+ 37. Bxd4 Rxb1 38. Nf2 c5 39. Be3 Bd7 40.
Bxh6 d5 41. Bf4 dxc4 42. Kg2 Bc6+ 43. Kg1 c3 0-1

[Event "FIDE Open World Blitz 2021"]
[Site "Warsaw"]
[Date "2021.12.30"]
[Round "14.48"]
[White "Nasuta, Grzegorz"]
[Black "Corrales Jimenez, Fidel"]
[Result "0-1"]
[WhiteElo "2377"]
[BlackElo "2523"]
[Annotator "ChessBase"]
[PlyCount "100"]
[EventDate "2021.12.29"]
[EventType "swiss"]
[EventCountry "POL"]
[Tiebreak "Cut1 Buchholz"]
[SourceTitle "playchess.com"]
[Source "ChessBase"]
[SourceQuality "1"]

1. e4 c5 2. Nf3 d6 3. d4 cxd4 4. Nxd4 Nf6 5. Nc3 a6 6. Be3 e5 7. Nb3 Be6 8. h3
Be7 9. Qf3 Nbd7 10. g4 h6 11. O-O-O Rc8 12. Nd5 Bxd5 13. exd5 Qc7 14. Bd3 a5
15. a4 e4 16. Bxe4 Qc4 17. Rd4 Qxb3 18. Kb1 Qb6 19. Bf5 Qc7 20. h4 g6 21. Bd3
Ne5 22. Bb5+ Kf8 23. Qe2 Kg7 24. Rg1 h5 25. g5 Nfg4 26. Bd2 Qb6 27. Bc3 Rxc3
28. bxc3 Rc8 29. Kb2 Qc5 30. Rg3 f6 31. f4 fxg5 32. fxe5 dxe5 33. Rc4 Qa3+ 34.
Kb1 Rxc4 35. Bxc4 gxh4 36. Rf3 Qd6 37. Qe4 Bf6 38. Bd3 Bg5 39. Qc4 Bf4 40. Qc8
Nf6 41. Qxb7+ Kh6 42. c4 e4 43. Bxe4 Nxe4 44. Rb3 Nd2+ 45. Ka2 Nxb3 46. cxb3 h3
47. Qc8 h2 48. Qh8+ Kg5 49. Qa1 Qe5 50. Qb1 Qe2+ 0-1

[Event "FIDE Open World Blitz 2021"]
[Site "Warsaw"]
[Date "2021.12.30"]
[Round "14.49"]
[White "Kosakowski, Jakub"]
[Black "Gareyev, Timur"]
[Result "0-1"]
[WhiteElo "2340"]
[BlackElo "2583"]
[Annotator "ChessBase"]
[PlyCount "72"]
[EventDate "2021.12.29"]
[EventType "swiss"]
[EventCountry "POL"]
[Tiebreak "Cut1 Buchholz"]
[SourceTitle "playchess.com"]
[Source "ChessBase"]
[SourceQuality "1"]

1. e4 e5 2. Nf3 Nc6 3. Bb5 a6 4. Ba4 Nf6 5. O-O Bc5 6. Nc3 d6 7. Nd5 O-O 8. d3
Nxd5 9. exd5 Ne7 10. c4 Bg4 11. Be3 Nf5 12. Bxc5 dxc5 13. h3 Bxf3 14. Qxf3 Nd4
15. Qe3 b5 16. Bd1 Qd6 17. Rc1 Rae8 18. Re1 f5 19. cxb5 axb5 20. Qd2 Qxd5 21.
Qc3 Qxa2 22. Qxc5 Qxb2 23. Bh5 g6 24. Qd5+ Ne6 25. Bf3 Kh8 26. Rc6 Qb4 27. Rxe5
Ng7 28. Rxc7 Rd8 29. Qb7 Qd6 30. Rxg7 Qxe5 31. Rxh7+ Kg8 32. Rc7 Rxd3 33. h4
Rfd8 34. g3 Rxf3 35. Qxf3 Qxc7 36. Qb3+ Qc4 0-1